| 000 | 01115cam a22003375a 4500 | ||
|---|---|---|---|
| 001 | 12315620 | ||
| 003 | EG-ScBUE | ||
| 005 | 20220511115109.0 | ||
| 008 | 010220t2001 maua f b 001 0 eng d | ||
| 020 | _a0838419925 (alk. paper) | ||
| 020 | _a9780838419922 | ||
| 040 |
_aDLC _beng _erda _cDLC _dEG-ScBUE |
||
| 082 | 0 | 4 |
_a428.007 _bTEA _222 |
| 245 | 0 | 0 |
_aTeaching English as a second or foreign language / _cMarianne Celce-Murcia, editor. |
| 250 | _aThird edition. | ||
| 264 | 1 |
_aBoston, MA : _bHeinle and Heinle, _c[2001] |
|
| 264 | 4 | _cc2001 | |
| 300 |
_aviii, 584 pages : _billustrations ; _c26 cm |
||
| 336 |
_2rdacontent _atext _btxt |
||
| 337 |
_2rdamedia _aunmediated _bn |
||
| 338 |
_2rdacarrier _avolume _bnc |
||
| 504 | _aIncludes bibliographical references and index. | ||
| 650 | 7 |
_aEnglish language _xStudy and teaching _xForeign speakers. _2BUEsh _99011 |
|
| 650 | 7 |
_aSecond language acquisition. _2BUEsh _99012 |
|
| 651 | _2BUEsh | ||
| 653 |
_bHHUUEENN _cSeptember2018 |
||
| 655 |
_vReading book _934232 |
||
| 700 | 1 |
_aCelce-Murcia, Marianne, _eeditor. _99013 |
|
| 942 |
_2ddc _cBB |
||
| 999 |
_c12823 _d12823 |
||